000 00471nam a2200181Ia 4500
001 21324
005 20260306172910.0
008 260306t2020||||xx |||||||||||||| ||spa||
041 _aESP
082 _a344.523
_bP66
100 _aPlácido V., Alex F.
_eAUT
245 0 _aViolencia familiar contra la mujer y los integrantes del grupo familiar
260 _c2020
300 _a702 páginas :
_c25 cm.
650 _aGEN
654 _aCDE
942 _cLIB
_dJUS
_fJUS
_2ddc
_n
999 _c21324
_d21324